| 000 | 00681nam a2200193Ia 4500 | ||
|---|---|---|---|
| 003 | GCL | ||
| 008 | 140319s9999 xx 000 0 ara d | ||
| 020 | _a7130305977 | ||
| 040 |
_aGCL / _cGCL |
||
| 082 | 0 | 4 |
_a813.009 _bح ن |
| 100 | 1 | _aحميد لحمداني | |
| 245 | 1 | 0 |
_aالنقد التاريخي في الأدب : _bرؤية جديدة / _cحميد لحمداني |
| 260 |
_aالقاهرة : _bالمجلس الاعلى للثقافة ، _c1999 |
||
| 300 |
_a190 ص ؛ _c22 سم |
||
| 650 | 0 | 4 | _aالشعر العربى - تاريخ ونقد |
| 650 | 0 | 4 | _aالادب العربى - تاريخ ونقد |
| 650 | 0 | 4 | _aالقصص - تاريخ ونقد |
| 942 |
_2ddc _cBK |
||
| 999 |
_c53620 _d53620 |
||